| 000 | 00595nam a2200205 u 4500 | ||
|---|---|---|---|
| 005 | 20210223130455.0 | ||
| 008 | 080529s2004 r 000 0 eng d | ||
| 020 | _a8426133282 | ||
| 035 | _aUPN01000156513 | ||
| 049 | _aI | ||
| 050 | 4 |
_aPZ7 _bG8.7 |
|
| 100 | 1 |
_aGutman, Anne _932701 |
|
| 245 | 1 | 4 |
_aLos nĂºmeros / _cAnne Gutman, Georg Hallensleben. |
| 260 |
_aBarcelona, Esp. : _bJuventud, _c2004. |
||
| 300 |
_a[12] p. : _bprincipalmente il. col. |
||
| 440 | 0 | _aMira, mira | |
| 650 | 4 |
_aLIBROS INFANTILES CON LAMINAS _911453 |
|
| 700 | 1 |
_aHallensleben, Georg, _ecoaut. |
|
| 905 | _aInfantil | ||
| 999 |
_c128627 _d128627 |
||